000
00245nam a2200109Ia 4500
005
20251222141834.0
008
251222s9999||||xx |||||||||||||| ||spa||
082
_a
839.77/L16/1990
100
_a
Logerkvist, Par
245
0
_a
Barrabás
942
_c
LIB
999
_c
7204
_d
7204